Visualizzazione normale
Vista MARC
- Dvorak Antonin
di Personal Name
Records bibliografici associati: 8
001 - CONTROL NUMBER
- control field: 2115
003 - CONTROL NUMBER IDENTIFIER
- control field: IT-RoPau
005 - DATE AND TIME OF LATEST TRANSACTION
- control field: 20131114222630.0
008 - FIXED-LENGTH DATA ELEMENTS
- fixed length control field: 131114|| aca||aabn | a|a d
040 ## - CATALOGING SOURCE
- Original cataloging agency: IT-RoPau
- Transcribing agency: IT-RoPau
100 ## - HEADING--PERSONAL NAME
- Personal name: Dvorak Antonin
670 ## - SOURCE DATA FOUND
- Source citation: Work cat.: (IT-RoPau)100447: Dvorak Antonin, Concerto in si m op. 104 per violoncello e orchestra